Gospodarze piłkarskich mistrzostw świata - Statystyki

Ogólne statystyki
  • Ten quiz został rozwiązany 146 razy
  • Średni wynik to 21 z 23
Statystyki odpowiedzi
Zwycięzca Turnieju Rok Organizacji Gospodarz Turnieju % Poprawnych
Urugwaj 1950 Brazylia
98%
Niemcy 2014 Brazylia
98%
Argentyna 2022 Katar
98%
??? 2026 Meksyk/Stany Zjednoczone/Kanada
98%
Niemcy 1974 Niemcy
98%
Włochy 2006 Niemcy
98%
Włochy 1934 Włochy
98%
Niemcy 1990 Włochy
98%
Francja 2018 Rosja
97%
Urugwaj 1930 Urugwaj
95%
Argentyna 1978 Argentyna
94%
Włochy 1938 Francja
94%
Francja 1998 Francja
94%
Brazylia 2002 Korea Południowa/Japonia
94%
Brazylia 1994 Stany Zjednoczone
94%
Hiszpania 2010 Republika Południowej Afryki
92%
Włochy 1982 Hiszpania
91%
Anglia 1966 Anglia
88%
Brazylia 1970 Meksyk
86%
Argentyna 1986 Meksyk
86%
Brazylia 1958 Szwecja
76%
Brazylia 1962 Chile
64%
Niemcy 1954 Szwajcaria
53%
Nie znaleziono quizów pasujących do podanych kryteriów
Rozkład punktacji
Procent ludzi z każdym wynikiem
Percentyl według liczby udzielonych odpowiedzi
Twoja historia wyników
Nie rozwiązałeś tego quizu